| 000 | 01408nam a2200229 4500 | ||
|---|---|---|---|
| 001 | 5925 | ||
| 010 | _a9789897733086 | ||
| 021 | _b472804/20 | ||
| 090 | _a5925 | ||
| 100 | _a20211231d2020 m y0pory50030103ba | ||
| 200 | 1 |
_aTraidores de Roma _fSimon Scarrow _gtrad. José Saraiva |
|
| 210 | 9 |
_aPorto Salvo _cSaída de Emergência _d2020 |
|
| 215 |
_a366, [1] p. _cil. |
||
| 304 | _aTít. orig.: Traitors of Rome | ||
| 330 | _aA guerra aproxima-se. O exército de Roma será testado até ao limite contra um inimigo inesperado. O tribuno Cato e o centurião Macro, veteranos do exército romano, estão estacionados na fronteira oriental, conscientes de que os seus movimentos são constantemente controlados pelos espiões da perigosa e misteriosa Pártia. Mas o inimigo nas fileiras de Roma pode ser uma ameaça mais mortal para a legião… e para o império. Roma é implacável para com aqueles que traem os seus camaradas e o império. Mas antes é necessário descobrir o culpado. Cato e Macro estão numa luta contra o tempo para expor a verdade, enquanto o poderoso inimigo aguarda pacientemente para explorar quaisquer fraquezas da legião. O traidor tem de morrer | ||
| 606 |
_913 _aLiteratura Estrangeira |
||
| 675 |
_a821.1/.8 _vBN _zpor |
||
| 700 |
_aScarrow _bSimon _f1962- _94507 |
||
| 702 |
_aSaraiva _bJosé _f1976- _94508 |
||
| 801 | 0 |
_aPT _bBMVN _gRPC |
|
| 830 |
_cTânia Croca _d31/12/2021 |
||
| 990 | _cLIVROS | ||